000 00644nam a22002177a 4500
003 UA-OsUOA
001 115760
007 ta
008 20160118b un ||||| |||| 00| 0 ukr d
100 _aКазанова О.
090 _a82
_bК14
942 _cSA
040 _aUA-OsUOA
_bukr
_cUA-OsUOA
_dUA-OsUOA
245 _aЖанр поезії у прозі як форма літературно-естетичної свідомості перехідної доби
300 _aС.58-71
955 _a0
041 _aukr
080 _a82
773 0 _w115753
650 7 _a82 Література. Літературознавство
_2UDC
999 _c401576
_d401576